Kdo tě sleduje? /
Thriller britské autorky se odehrává v malé vesnici, kde každoročně dochází k záhadným úmrtím při náboženských oslavách.
Uloženo v:
| Hlavní autor: | |
|---|---|
| Další autoři: | |
| Médium: | E-kniha |
| Jazyk: | Czech |
| Vydáno: |
Praha :
Kniha Zlin,
2025
|
| Vydání: | Vydání první |
| Témata: | |
| Tagy: |
Žádné tagy |
| LEADER | 02505nam a2200433 i 4500 | ||
|---|---|---|---|
| 001 | 312821 | ||
| 003 | CZ PrSKC | ||
| 005 | 20260601215729.0 | ||
| 007 | ta | ||
| 008 | 250922s2025 xr g 000 f cze | ||
| 015 | |a cnb003708781 | ||
| 020 | |a 9788076629196 |q (vázáno) : |c Kč 499,00 | ||
| 035 | |a (OCoLC)1549632255 | ||
| 040 | |a ABG001 |b cze |d BOA001 |e rda | ||
| 041 | 1 | |a cze |h eng | |
| 072 | 7 | |a 821.111-3 |x Anglická próza, anglicky psaná |2 Konspekt | |
| 080 | |a 821.111-31 |2 MRF | ||
| 080 | |a (0:82-312.4) |2 MRF | ||
| 100 | 1 | |a Bolton, S. J., |d 1960- |7 mzk2013795223 |4 aut | |
| 240 | 1 | 0 | |a Neighbour's secret. |l Česky |
| 245 | 1 | 0 | |a Kdo tě sleduje? / |c Sharon J. Bolton ; z anglického originálu The neighbour's secret ... přeložil Martin Verner |
| 250 | |a Vydání první | ||
| 264 | 1 | |a Praha : |b Kniha Zlin, |c 2025 | |
| 300 | |a 395 stran ; |c 21 cm | ||
| 336 | |a text |b txt |2 rdacontent | ||
| 337 | |a bez média |b n |2 rdamedia | ||
| 338 | |a svazek |b nc |2 rdacarrier | ||
| 520 | 2 | |a Thriller britské autorky se odehrává v malé vesnici, kde každoročně dochází k záhadným úmrtím při náboženských oslavách. |b Každý říjen se ospalá vesnice St Abel's Chapel stane centrem náboženského festivalu, který přitahuje stovky lidí. Ačkoli událost provází mnoho podivností, místní mlčí - příjmy z oslav potřebují. Jenže záhadná Anna Brownová, která se právě přistěhovala, odmítá dělat, že nic nevidí. Když se od vyděšené dívky dozví, že během shromáždění mladí farníci podstupují rituál v takzvaném Pekelném domě a každoročně tam dochází k podezřelým úmrtím, nabere dění temný spád. Dá se v této děsivé vesnici vůbec někomu věřit? Nakladatelská anotace. | |
| 655 | 7 | |a anglické romány |7 fd131814 |2 czenas | |
| 655 | 7 | |a thrillery (romány) |7 fd184206 |2 czenas | |
| 655 | 9 | |a English fiction |2 eczenas | |
| 655 | 9 | |a thrillers (novels) |2 eczenas | |
| 700 | 1 | |a Verner, Martin |7 ola2003193649 |4 trl | |
| 900 | |a ABA001 |b 20 | ||
| 928 | 9 | |a Albatros Media - Kniha Zlin | |
| 044 | |a xr | ||
| 910 | |a RBIT002 | ||
| 998 | |d 422532 |a https://core.palmknihy.cz/api/books/422532/cover?t2vlkw |b https://core.palmknihy.cz/api/books/422532/cover/400?t2vlkw |c https://core.palmknihy.cz/api/books/422532/cover/50?t2vlkw |e 2029-11-05 |g 400 |i 9788076629196 |j https://core.palmknihy.cz/api/books/422532/preview.epub |k https://core.palmknihy.cz/api/books/422532/preview.pdf |l |q 49 |r 1 |s https://www.palmknihy.cz/kniha/422532 |t ebook |y 2025 |z 0 | ||
| 999 | |d 312819 | ||